000 00470nam a22001817a 4500
999 _c196473
_d196473
005 20230627153957.0
010 _aENG-137177
020 _a9789382607021
_c175.00
035 _aEN-120709
037 _bDBAD/PUB
082 _aN
100 _aSewell, Anne
245 _aBlack Beauty
_cAnne Sewell
260 _aUttar Pradesh
_bOm Kids
_c2013
270 _aA -12, Sector 64,Noida
_bUttar Pradesh
_e201301
300 _a 238p.;
_c21cm(Hbk)
942 _2ddc
_cEN
_mSEW
_hN